| 000 | 01336cam a2200133 4500500 | ||
|---|---|---|---|
| 005 | 20260405014439.0 | ||
| 041 | _afre | ||
| 042 | _adc | ||
| 100 | 1 | 0 |
_aTixier, Nicolas _eauthor |
| 245 | 0 | 0 | _aL'écoute des mondes : Une traversée sonore des colloques de Cerisy |
| 260 |
_bHermann,
_c2025. |
||
| 520 | _aL’écoute des mondes explore la puissance du sonore à travers neuf textes issus de colloques de Cerisy et de deux autres inédits qui nous invitent à une traversée auditive en trois temps : l’écoute des paysages, l’écoute de l’autre et l’écoute audio-visuelle. Ces approches montrent que l’écoute n’est jamais passive : elle est correspondance, enquête, empathie. Elle brouille les frontières entre sujet et objet pour faire advenir une connaissance ambulatoire du monde à la fois immédiate et profonde.Cet ouvrage est une invitation à tendre l’oreille, à laisser le monde prendre possession de nous, et à découvrir ce qui persiste, la mémoire sonore, toujours prête à renaître.Textes de Pascal Amphoux, Martin Barnier, Michel Benhaïem, Carlotta Darò, Nicolas Frize, Évelyne Gayou, Martin Laliberté, Pauline Nadrigny, Jean-Yves Petiteau, Patrick Romieu, Jean-Paul Thibaud. | ||
| 856 | 4 | 1 | _uhttps://shs.cairn.info/lecoute-des-mondes--9791037043009?lang=fr&redirect-ssocas=7080 |
| 999 |
_c2113221 _d2113221 |
||